| 000 | 00696 a2200253 4500 | ||
|---|---|---|---|
| 260 | _aParis | ||
| 630 | _a65 - Gestion et organisation de lindustrie, du commerce, de la communication et des transports | ||
| 037 | _b2, Achat | ||
| 650 | _a6 - SCIENCES APPLIQUEES | ||
| 100 | _aCardon, Alain | ||
| 260 | _bLes Editions d'Organisation | ||
| 245 | _aLe manager et son équipe : l'analyse transactionnelle et l'école de Palto-Alto | ||
| 300 | _a114 p. | ||
| 650 | _aEntreprise : dirigeant | ||
| 650 | _aGroupe : animation | ||
| 260 | _c1986 | ||
| 300 | _b24cm | ||
| 100 | _lFr | ||
| 037 | _aDe 6928 | ||
| 037 | _aDe 6925 | ||
| 020 | _a2-7081-0763-1 | ||
| 999 |
_c41124 _d41124 |
||